000 00426nam a22001577a 4500
008 250604b |||||||| |||| 00| 0 eng d
020 _a9780749465506
050 _aHF 5549.17
_b.A76
100 _aArmstrong Micheal
245 _aArmstrong Handbook of Human Resource Management Practice
250 _a12th
260 _aUnited Kingdom
_bKogan Page
_c2012
300 _a752p
650 _aPersonnel management
942 _cBK
999 _c3750
_d3750